| 000 | 01893cam a22005174a 4500 | ||
|---|---|---|---|
| 001 | muse84818 | ||
| 003 | MdBmJHUP | ||
| 005 | 20210127151613.0 | ||
| 006 | m o d | ||
| 007 | cr||||||||nn|n | ||
| 008 | 070821s2007 mx o 00 0 spa d | ||
| 010 | _z 2007469252 | ||
| 020 | _a9786076287484 | ||
| 020 | _z9681212541 | ||
| 020 | _z9789681212544 | ||
| 035 | _a(OCoLC)1053888973 | ||
| 040 |
_aMdBmJHUP _cMdBmJHUP |
||
| 041 | 1 |
_aspa _hfre |
|
| 043 | _acl----- | ||
| 050 | 0 | 4 |
_aF1412 _b.M39 2007 |
| 082 | 0 |
_a980/.01 _222 |
|
| 100 | 1 | _aMazín Gómez, Oscar. | |
| 240 | 1 | 0 |
_aAmerique espagnole. _lSpanish |
| 245 | 1 | 0 |
_aIberoamérica _bdel descubrimiento a la independencia |
| 250 | _a1. ed. | ||
| 264 | 1 | _bColegio de Mexico, | |
| 264 | 3 | _bProject MUSE, | |
| 300 |
_a1 online resource (332 p.) : _bill., maps ; |
||
| 500 | _aSpanish translation of: L'Amerique espagnole, XVIe-XVIIIe siecles. París : Éditions Les Belles Lettres, 2005. | ||
| 500 | _a"Seminario de Textos Universitarios"--P. opp. t.p. | ||
| 504 | _aIncludes bibliographical references (p. 301-306) and indexes. | ||
| 505 | 0 | _aIberoamerica o las Indias Occidentales -- El hombre de las Indias Occidentales. | |
| 506 | 0 |
_aOpen Access _fUnrestricted online access _2star |
|
| 588 | _aDescription based on print version record. | ||
| 651 | 0 |
_aLatin America _xCivilization _y18th century. |
|
| 651 | 0 |
_aLatin America _xCivilization _y17th century. |
|
| 651 | 0 |
_aLatin America _xHistory _yTo 1830. |
|
| 655 | 7 |
_aElectronic books. _2local |
|
| 710 | 2 |
_aProject Muse. _edistributor |
|
| 830 | 0 | _aBook collections on Project MUSE. | |
| 856 | 4 | 0 |
_zFull text available: _uhttps://muse.jhu.edu/book/74557/ |
| 999 |
_c26367 _d26367 |
||